Stray Kids Members - Statistics

General Stats
  • This quiz has been taken 188 times
  • The average score is 8 of 8
Answer Stats
Nationality Answer % Correct
Australian Bang Chan
100%
Australian Felix
100%
South Korean Han
97%
South Korean Changbin
96%
South Korean I.N.
96%
South Korean Lee Know
96%
South Korean Seungmin
95%
South Korean Hyunjin
94%
No matching quizzes found
Score Distribution
Percent of People with Each Score
Percentile by Number Answered
Your Score History
You have not taken this quiz